Countries That Colonized Africa - Statistics

General Stats
  • This quiz has been taken 82 times
  • The average score is 7 of 8
Answer Stats
Hint Answer % Correct
Annexed France
97%
Annexed Spain
97%
Annexed Germany
95%
Private Belgium
94%
Annexed Italy
94%
Annexed Portugal
94%
Colonies The Netherlands
92%
Annexed United Kingdom
82%
No matching quizzes found
Score Distribution
Percent of People with Each Score
Percentile by Number Answered
Your Score History
You have not taken this quiz